[Event "Open"]
[Site "Osterskars"]
[Date "1995.08.18"]
[Round "2"]
[White "Cramling, P"]
[Black "Hartman, C"]
[Result "1-0"]
[WhiteElo "2510"]
[BlackElo "2345"]

1. d4 d5 2. c4 dxc4 3. Nf3 Nf6 4. e3 e6 5. Bxc4 c5 6. Qe2 Nbd7 7. O-O a6 8.
a4 b6 9. Nc3 Bb7 10. Rd1 Qc7 11. h3 Be7 12. e4 cxd4 13. Nxd4 O-O 14. Bg5
Ne5 15. Ba2 Rad8 16. Bf4 Bc5 17. Nc2 Bd6 18. Bg3 Qb8 19. f4 Bc5+ 20. Kh2
Ng6 21. e5 Nd7 22. Rd2 Be7 23. Rad1 Qc7 24. Nd4 Nc5 25. Rc2 a5 26. Rcd2 Qc8
27. Ndb5 Rxd2 28. Rxd2 Qa8 29. Nd6 Bc6 30. f5 exf5 31. Nxf5 Bg5 32. Rd6 Ne4
33. Nxe4 Bxe4 34. Qg4 Bd8 35. e6 Bf6 36. exf7+ Kh8 37. Re6 Bd5 38. Re8 Qc6
39. Bd6 Bxf7 40. Rxf8+ Nxf8 41. Bxf7 1-0

[Event "Open"]
[Site "Osterskars"]
[Date "1995.08.18"]
[Round "2"]
[White "Brustman, A"]
[Black "Tisdall, J"]
[Result "1/2-1/2"]
[WhiteElo "2295"]
[BlackElo "2500"]

1. e4 e5 2. Nf3 Nc6 3. Bb5 a6 4. Ba4 Nf6 5. O-O Be7 6. Re1 b5 7. Bb3 d6 8.
c3 O-O 9. h3 Na5 10. Bc2 c5 11. d4 Qc7 12. Nbd2 cxd4 13. cxd4 Nc6 14. Nb3
a5 15. Be3 a4 16. Nbd2 Bd7 17. Rc1 Qb7 18. a3 Rfe8 19. Qe2 exd4 20. Nxd4
Ne5 21. f4 Ng6 22. Bd3 Rab8 23. Qf3 Bd8 24. Kh1 Bb6 25. Nc2 Rbc8 26. Nd4
Rxc1 27. Rxc1 Qa7 28. Nc2 Bxe3 29. Nxe3 d5 30. e5 Qd4 31. Bxg6 hxg6 32. Rd1
Nh5 33. Qxd5 Qxe3 34. Qxd7 Re6 35. Qd8+ Kh7 36. Qh4 Qxf4 37. Qxf4 Nxf4 38.
Nf3 f6 39. Rd4 g5 40. Rb4 Rc6 41. exf6 gxf6 42. h4 Nd3 43. Rxb5 gxh4
1/2-1/2

[Event "Open"]
[Site "Osterskars"]
[Date "1995.08.18"]
[Round "2"]
[White "Khenkin, I"]
[Black "Cramling, D"]
[Result "1-0"]
[WhiteElo "2555"]
[BlackElo "2445"]

1. d4 Nf6 2. c4 c5 3. d5 b5 4. cxb5 a6 5. e3 g6 6. Nc3 Bg7 7. a4 O-O 8. Bc4
Ne8 9. Bd2 d6 10. Nf3 Nd7 11. O-O Nc7 12. e4 Nb6 13. Be2 axb5 14. axb5 Bd7
15. Qb3 Qb8 16. Bf4 Qb7 17. h3 f5 18. e5 Ncxd5 19. exd6 Be6 20. dxe7 Qxe7
21. Nxd5 Nxd5 22. Be5 Bxe5 23. Nxe5 Qf6 24. Nd7 Bxd7 25. Rxa8 1-0

[Event "Open"]
[Site "Osterskars"]
[Date "1995.08.18"]
[Round "2"]
[White "Nei, I"]
[Black "Gleizerov, E"]
[Result "0-1"]
[WhiteElo "2410"]
[BlackElo "2540"]

1. d4 e6 2. e4 d5 3. e5 c5 4. Qg4 Qa5+ 5. Nd2 Nc6 6. Ngf3 Nh6 7. Qf4 Nb4 8.
Kd1 c4 9. c3 Qa4+ 10. b3 cxb3 11. Nxb3 Nxa2 12. Kc2 Bd7 13. Nfd2 Rc8 14.
Bb2 Bb4 15. Kb1 Bxc3 16. Rxa2 Bxd2 0-1

[Event "Open"]
[Site "Osterskars"]
[Date "1995.08.18"]
[Round "2"]
[White "Davies, N"]
[Black "Chernuschevich, A"]
[Result "0-1"]
[WhiteElo "2505"]
[BlackElo "2325"]

1. e4 c5 2. Nf3 e6 3. Qe2 Nc6 4. g3 Nge7 5. Bg2 d5 6. d3 g6 7. O-O Bg7 8.
Re1 O-O 9. c3 b5 10. e5 a5 11. a4 Ba6 12. axb5 Bxb5 13. Na3 Qb6 14. Bg5
Rab8 15. Qd2 Ba6 16. Rab1 Rb7 17. h4 Rfb8 18. h5 Qd8 19. hxg6 hxg6 20. Bf1
Rb3 21. Bf6 Bxf6 22. exf6 Nf5 23. Qg5 Nd6 24. Rxe6 Bc8 25. Ree1 Ne8 26.
Rxe8+ Qxe8 27. Re1 Be6 28. Nc2 Rxb2 29. Qh4 Qd8 30. Rxe6 fxe6 31. Ne3 R2b7
32. Qg5 Rh7 33. Qxg6+ Kh8 34. f7 Qf8 35. Ng5 Qg7 36. Qxe6 Qxg5 37. Qxc6
Rxf7 38. Qxc5 Rbf8 39. Qd4+ Qf6 40. Qxf6+ Rxf6 41. f4 a4 0-1

[Event "Open"]
[Site "Osterskars"]
[Date "1995.08.19"]
[Round "3"]
[White "Gdanski, J"]
[Black "Khenkin, I"]
[Result "1-0"]
[WhiteElo "2480"]
[BlackElo "2555"]

1. e4 c6 2. d4 d5 3. exd5 cxd5 4. c4 Nf6 5. Nc3 Nc6 6. Nf3 e6 7. c5 Ne4 8.
Qc2 Qa5 9. a3 Be7 10. Rb1 f5 11. b4 Qc7 12. b5 Nxd4 13. Nxd4 Bxc5 14. Nxe4
fxe4 15. b6 axb6 16. Bb5+ Kf7 17. O-O Rf8 18. Nb3 Bd6 19. Qxc7+ Bxc7 20. a4
Kg8 21. Ba3 Rf6 22. Rbc1 Bf4 23. Rc2 e3 24. Bc1 exf2+ 25. Rfxf2 Bxc1 26.
Rxc1 e5 27. Re2 e4 28. Nd4 Rf7 29. Rf2 Re7 30. Rfc2 Bg4 31. Rc7 Rxc7 32.
Rxc7 Bd1 33. Rc1 Bg4 34. Kf2 Kf7 35. Rc7+ Kf6 36. Ke3 Bd1 37. Rc1 Bg4 38.
h3 Bh5 39. Rf1+ Ke7 40. Nf5+ 1-0

[Event "Open"]
[Site "Osterskars"]
[Date "1995.08.19"]
[Round "3"]
[White "Tisdall, J"]
[Black "Rantanen, Y"]
[Result "1-0"]
[WhiteElo "2500"]
[BlackElo "2350"]

1. d4 d5 2. c4 dxc4 3. e3 Nf6 4. Bxc4 e6 5. Nf3 a6 6. Qe2 c5 7. dxc5 Bxc5
8. O-O Nbd7 9. e4 b5 10. Bd3 Bb7 11. a4 Ba7 12. b4 bxa4 13. Rxa4 O-O 14.
Nbd2 Qc7 15. Bb2 Nh5 16. Rc1 Qb8 17. g3 f5 18. exf5 Bd5 19. Ne5 Nc5 20.
Rxc5 Bxc5 21. Qxh5 Ra7 22. Ng4 1-0

[Event "Open"]
[Site "Osterskars"]
[Date "1995.08.20"]
[Round "4"]
[White "Ornstein, A"]
[Black "Kopal, J"]
[Result "1-0"]
[WhiteElo "2450"]
[BlackElo "2120"]

1. d4 d5 2. c4 c6 3. Nf3 Nf6 4. Nc3 e6 5. Bg5 dxc4 6. e4 b5 7. e5 h6 8. Bh4
g5 9. Nxg5 hxg5 10. Bxg5 Nbd7 11. exf6 Bb7 12. g3 Qb6 13. Bg2 O-O-O 14. O-O
Ne5 15. dxe5 Rxd1 16. Raxd1 Rh5 17. h4 c5 18. Bxb7+ Qxb7 19. Rd2 b4 20.
Rfd1 bxc3 21. Rd8+ Kc7 22. R8d7+ Kc6 23. Rxb7 Kxb7 24. bxc3 Kc7 25. g4 Rh8
26. h5 Rg8 27. f4 Bh6 28. Bxh6 Rxg4+ 29. Kf2 Rh4 30. f5 Rxh5 31. fxe6 fxe6
32. Bf4 a5 33. a4 Kc6 34. Rd6+ Kc7 35. Rxe6 Kd7 36. Ra6 Rh3 37. e6+ Kc8 38.
Rb6 1-0

[Event "Open"]
[Site "Osterskars"]
[Date "1995.08.20"]
[Round "4"]
[White "Bellon Lopez, JM"]
[Black "Chernin, A"]
[Result "0-1"]
[WhiteElo "2490"]
[BlackElo "2600"]

1. d4 d5 2. c4 c6 3. Nf3 Nf6 4. Nc3 e6 5. Bg5 h6 6. Bxf6 Qxf6 7. e3 Nd7 8.
Bd3 dxc4 9. Bxc4 g6 10. O-O Bg7 11. b4 O-O 12. Rc1 Qe7 13. Qb3 b6 14. Bd3
Bb7 15. Nd2 Rfd8 16. Be4 Nf6 17. Bf3 Nd5 18. Nxd5 cxd5 19. Rc2 Bf8 20. b5
Rdc8 21. Rfc1 Qa3 22. Rxc8 Rxc8 23. Rxc8 Bxc8 24. Qxa3 Bxa3 25. Be2 f6 26.
Bd3 Kf7 27. Nf3 Bd7 28. Ne1 g5 29. Nc2 Bd6 30. h3 Ke7 31. Kf1 h5 32. f3 h4
33. a4 f5 34. e4 dxe4 35. fxe4 Bf4 36. e5 Bc1 37. Be2 Be8 38. Bf3 Bb2 39.
Ke2 Kf8 40. Kd3 Bg6 41. Ne1 g4 42. Bb7 Kg7 43. Kc4 Bc1 44. Nd3 Be3 45. Nc5
bxc5 46. dxc5 gxh3 47. gxh3 Bh5 48. c6 Be2+ 49. Kb4 Bb6 50. a5 Bc7 51. Ba6
Kf7 52. b6 axb6 53. Bxe2 bxa5+ 54. Kb5 Ke7 55. Bf3 Bxe5 56. Kxa5 Bc7+ 57.
Kb4 Kf6 58. Bh5 Kg5 59. Bf7 e5 60. Kc3 Kf4 61. Bg6 e4 62. Kd2 Kg5 63. Bh7
Bb6 64. Ke2 Kf6 65. Kd2 Ke5 66. Bg6 f4 67. Bh5 Kd5 68. Bg6 Kd4 69. Ke2 f3+
70. Kf2 Ke5+ 71. Kf1 Kf4 72. Bh7 e3 73. Bd3 Kg3 0-1

[Event "Open"]
[Site "Osterskars"]
[Date "1995.08.21"]
[Round "5"]
[White "Sjoberg, M"]
[Black "Kveinys, A"]
[Result "0-1"]
[WhiteElo "2450"]
[BlackElo "2515"]

1. d4 Nf6 2. c4 e6 3. Nc3 Bb4 4. e3 O-O 5. Bd3 d5 6. Nf3 c5 7. O-O Nc6 8.
a3 Bxc3 9. bxc3 dxc4 10. Bxc4 Qc7 11. h3 Rd8 12. Ba2 b6 13. Qe2 Bb7 14. Bb2
Na5 15. Ne5 c4 16. f3 Ne8 17. Rae1 Nd6 18. e4 b5 19. Bb1 Nb3 20. Ng4 a5 21.
Ne3 b4 22. a4 Ba6 23. e5 Ne8 24. Rd1 Nxd4 25. cxd4 c3 26. Qc2 Bxf1 27.
Qxh7+ Kf8 28. Bc1 Be2 29. Re1 Bc4 30. Nf5 exf5 31. Bg5 f6 32. exf6 Bg8 33.
Qxf5 Nxf6 34. Bxf6 gxf6 35. Qxf6+ Qf7 36. Qh6+ Qg7 0-1

[Event "Open"]
[Site "Osterskars"]
[Date "1995.08.21"]
[Round "5"]
[White "Cramling, D"]
[Black "Ronneland, D"]
[Result "1-0"]
[WhiteElo "2445"]
[BlackElo "2155"]

1. c4 e6 2. Nc3 d5 3. d4 c6 4. Nf3 dxc4 5. a4 Bb4 6. e3 b5 7. Bd2 a5 8.
axb5 Bxc3 9. Bxc3 cxb5 10. b3 Bb7 11. bxc4 b4 12. Bb2 Nf6 13. Bd3 O-O 14.
Qc2 Nbd7 15. e4 e5 16. O-O Qe7 17. Rfe1 exd4 18. e5 Ng4 19. Bxh7+ Kh8 20.
Be4 d3 21. Qd2 Bxe4 22. Rxe4 Nh6 23. Rae1 a4 24. e6 Nf6 25. exf7 Qxf7 26.
Ne5 Qh5 27. Rh4 Qf5 28. g4 Ne4 29. Qxh6+ gxh6 30. gxf5 d2 31. Nf7+ Kh7 32.
Rxh6+ Kg8 33. Rg6+ Kxf7 34. Rg7+ Ke8 35. Rxe4+ Kd8 36. Rd4+ Kc8 37. Rxd2 a3
38. Be5 Re8 39. Rc7+ Kb8 40. Re7+ 1-0

[Event "Open"]
[Site "Osterskars"]
[Date "1995.08.21"]
[Round "5"]
[White "Chernin, A"]
[Black "Chernuschevich, A"]
[Result "1/2-1/2"]
[WhiteElo "2600"]
[BlackElo "2325"]

1. d4 Nf6 2. c4 e6 3. Nc3 Bb4 4. Qc2 c5 5. dxc5 Bxc5 6. Bf4 Nc6 7. Nf3 d5
8. e3 Qa5 9. O-O-O O-O 10. a3 Be7 11. h4 a6 12. Kb1 dxc4 13. Ng5 Qf5 14.
Qxf5 exf5 15. Bxc4 h6 16. Nf3 Be6 17. Ba2 Rfd8 18. Ne5 Nxe5 19. Bxe5 Rac8
20. Bxf6 Bxf6 21. Nd5 Bxd5 22. Bxd5 Rc7 23. f3 h5 24. e4 Rdc8 25. Rd2 f4
26. Bb3 g6 27. Rd5 1/2-1/2

[Event "Open"]
[Site "Osterskars"]
[Date "1995.08.21"]
[Round "5"]
[White "Davies, N"]
[Black "Hartman, C"]
[Result "1-0"]
[WhiteElo "2505"]
[BlackElo "2345"]

1. c4 e6 2. Nf3 d5 3. d4 dxc4 4. e4 b5 5. a4 c6 6. b3 Bb4+ 7. Bd2 Bxd2+ 8.
Qxd2 Nf6 9. e5 Nd5 10. bxc4 bxc4 11. Bxc4 a5 12. O-O Ba6 13. Rc1 Bxc4 14.
Rxc4 O-O 15. Rc1 Ra7 16. Na3 Rb7 17. Nc4 Nb4 18. Nd6 Rc7 19. Ra3 f6 20. Nc4
Rd7 21. exf6 gxf6 22. Re1 e5 23. Nh4 Rg7 24. Nf5 Rg5 25. Ncd6 Nd7 26. f4
exf4 27. Re7 Rg6 28. Rh3 1-0

[Event "Open"]
[Site "Osterskars"]
[Date "1995.08.21"]
[Round "5"]
[White "Wikner, A"]
[Black "Agrest, E"]
[Result "1-0"]
[WhiteElo "2245"]
[BlackElo "2475"]

1. e4 c5 2. Nc3 e6 3. Nf3 a6 4. d4 cxd4 5. Nxd4 d6 6. Be3 Nd7 7. a4 b6 8.
Bc4 Ne5 9. Bb3 Nf6 10. f3 Bb7 11. Qe2 Rc8 12. O-O Qc7 13. Rfd1 Be7 14. Bxe6
fxe6 15. Nxe6 Qc4 16. Nxg7+ Kf7 17. Nf5 Qxe2 18. Nxe2 Rxc2 19. Ned4 Rxb2
20. Nxe7 Kxe7 21. Nf5+ Kf8 22. Rxd6 Ne8 23. Bd4 Nxd6 24. Bxe5 Rg8 25. Bxd6+
Ke8 26. Bg3 Bc6 27. Rc1 Bd7 28. Nd6+ Ke7 29. e5 Bxa4 30. f4 Rc2 31. Rb1 b5
32. f5 Rd2 33. Ne4 Rd4 34. Bh4+ Kf8 35. Rc1 Rc4 36. Rxc4 bxc4 37. e6 Rg4
38. e7+ Kg7 39. f6+ Kg6 40. Nd6 c3 41. f7 c2 42. e8=Q c1=Q+ 43. Be1 Qc5+
44. Kh1 Kh5 45. Ne4 Qd4 46. f8=Q+ Bxe8 47. Qf5+ 1-0

[Event "Open"]
[Site "Osterskars"]
[Date "1995.08.22"]
[Round "6"]
[White "Chernuschevich, A"]
[Black "Rausis, I"]
[Result "0-1"]
[WhiteElo "2325"]
[BlackElo "2515"]

1. Nf3 d5 2. d4 c6 3. c4 dxc4 4. Nc3 b5 5. g3 Bb7 6. Bg2 Nd7 7. e4 e6 8. e5
Ne7 9. Ng5 h6 10. Qh5 g6 11. Nge4 Nf5 12. Qd1 Be7 13. a4 a6 14. O-O Qb6 15.
axb5 cxb5 16. d5 Nxe5 17. dxe6 fxe6 18. g4 Rd8 19. Qe2 Nd4 20. Qe3 Qc7 21.
Qg3 O-O 22. f4 Nd3 23. Qh3 b4 24. Qxh6 Rf7 25. f5 bxc3 26. f6 Ne2+ 27. Kh1
Bxe4 28. Bxe4 Rxf6 29. Bg5 Qe5 30. Bf3 Rdf8 31. Bxf6 Rxf6 32. g5 Rxf3 33.
Qxg6+ Qg7 34. Qxe6+ Qf7 35. Qxe2 cxb2 36. Rad1 Nf2+ 37. Kg2 Nxd1 38. Rxf3
b1=Q 39. Rxf7 Kxf7 40. Qxc4+ Kg7 41. Qd4+ Kg6 42. h4 Qb7+ 43. Kf1 Qf3+ 0-1

[Event "Open"]
[Site "Osterskars"]
[Date "1995.08.22"]
[Round "6"]
[White "Kveinys, A"]
[Black "Tisdall, J"]
[Result "1/2-1/2"]
[WhiteElo "2515"]
[BlackElo "2500"]

1. Nf3 Nf6 2. c4 c6 3. g3 d5 4. b3 Bf5 5. Bb2 e6 6. Bg2 h6 7. O-O Be7 8. d3
O-O 9. Nbd2 Nbd7 10. Rc1 Bh7 11. Rc2 a5 12. a3 Ne8 13. cxd5 exd5 14. Nd4
Bf6 15. Bh3 Nd6 16. N2f3 c5 17. Bxd7 cxd4 18. Bh3 Qb6 19. Qa1 Qxb3 20. Rfc1
Bf5 21. Bxf5 Nxf5 22. a4 Qb6 23. g4 Nh4 24. Nxh4 Bxh4 25. Bxd4 Qe6 26. Kh1
Rfc8 27. h3 Rc6 28. Kg2 Rac8 29. Rxc6 Rxc6 30. Rxc6 Qxc6 31. Qc3 Qxa4 32.
Qc8+ Kh7 33. Qf5+ Kg8 34. Qe5 Bf6 35. Qb8+ Kh7 36. Bxf6 gxf6 37. Qxb7 Kg7
38. Qxd5 Qb4 39. e4 a4 40. e5 1/2-1/2

[Event "Open"]
[Site "Osterskars"]
[Date "1995.08.22"]
[Round "6"]
[White "Cramling, P"]
[Black "Karpatchev, A"]
[Result "1-0"]
[WhiteElo "2510"]
[BlackElo "2415"]

1. d4 d5 2. Nf3 Nf6 3. c4 dxc4 4. Nc3 a6 5. e4 b5 6. e5 Nd5 7. a4 Bb7 8. e6
fxe6 9. Ne4 Nb6 10. Nc5 Bd5 11. Ne5 g6 12. Qg4 N8d7 13. Qf4 Nf6 14. h4 Bg7
15. h5 gxh5 16. Qg5 Kf8 17. Qf4 Qe8 18. Ra3 Kg8 19. Rg3 Ng4 20. Be2 Qf8 21.
Rxh5 Qxf4 22. Bxf4 Nf6 23. Rxg7+ Kf8 24. Rhg5 bxa4 25. Rf7+ Ke8 26. Rgg7 c3
27. Rxe7+ Kd8 28. Nxe6+ 1-0

[Event "Open"]
[Site "Osterskars"]
[Date "1995.08.22"]
[Round "6"]
[White "Wallace, JP"]
[Black "Taimanov, M"]
[Result "1-0"]
[WhiteElo "2405"]
[BlackElo "2510"]

1. d4 Nf6 2. c4 e6 3. Nc3 Bb4 4. e3 O-O 5. Bd3 d5 6. cxd5 exd5 7. Nge2 Re8
8. O-O Nbd7 9. f3 c5 10. g4 cxd4 11. exd4 Nf8 12. Kh1 Ne6 13. Qb3 Be7 14.
Be3 Nc7 15. Rae1 Be6 16. Ng3 Nd7 17. Qd1 Bd6 18. Rg1 Nb6 19. f4 Nc4 20. Bc1
Bd7 21. Rxe8+ Nxe8 22. Qf3 Bf8 23. g5 Qb6 24. Nxd5 Qxd4 25. Ne2 Qc5 26. Qe4
g6 27. b4 Qf2 28. Bxc4 Nd6 29. Qg2 Qxg2+ 30. Kxg2 Bc6 31. Bb3 a5 32. a3
axb4 33. axb4 Nf5 34. Kf2 Bxd5 35. Bxd5 Bxb4 36. Rd1 Bc5+ 37. Kf3 Ra7 38.
Bb3 Nd6 39. Bb2 Kf8 40. Rd3 Ra6 41. Bf6 Rb6 42. Ng3 Ne8 43. Ne4 1-0

[Event "Open"]
[Site "Osterskars"]
[Date "1995.08.23"]
[Round "7"]
[White "Wallace, JP"]
[Black "Wedberg, T"]
[Result "1/2-1/2"]
[WhiteElo "2405"]
[BlackElo "2455"]

1. d4 Nf6 2. c4 e6 3. Nf3 c5 4. d5 d6 5. Nc3 exd5 6. cxd5 g6 7. e4 Bg7 8.
h3 O-O 9. Bd3 Re8 10. O-O c4 11. Bc2 b5 12. a3 a6 13. Bf4 Bb7 14. Qd2 Qb6
15. Rfe1 Nbd7 16. Rad1 Rad8 17. Bh6 Ne5 18. Nd4 Bh8 19. Be3 Qc7 20. f4 Ned7
21. Nf3 Nc5 22. Bd4 Bg7 23. Qf2 Ncd7 24. Qh4 h6 25. Kh1 Rc8 26. Bg1 Nb6 27.
Bh2 Rcd8 28. Qf2 Ba8 29. f5 g5 30. e5 dxe5 31. Rxe5 Rxe5 32. Bxe5 Qb7 33.
Bxf6 Bxf6 34. Ne4 Bxb2 35. Bb1 Bh8 36. f6 Rxd5 37. Re1 Nd7 38. Qc2 Rd3 39.
Nf2 Nxf6 40. Nxd3 cxd3 41. Qxd3 Qd5 42. Qc2 Qc6 43. Qf5 Qc3 44. Ba2 Kf8 45.
Re2 Qc1+ 46. Kh2 Qc7+ 47. Kh1 Qc1+ 48. Kh2 Qc7+ 1/2-1/2

[Event "Open"]
[Site "Osterskars"]
[Date "1995.08.23"]
[Round "7"]
[White "Cramling, P"]
[Black "Gdanski, J"]
[Result "1-0"]
[WhiteElo "2510"]
[BlackElo "2480"]

1. d4 d5 2. Nf3 c6 3. c4 e6 4. Nc3 dxc4 5. a4 Bb4 6. e3 b5 7. Bd2 Bb7 8. b3
a5 9. axb5 Bxc3 10. Bxc3 cxb5 11. bxc4 b4 12. Bb2 Nf6 13. Bd3 Nbd7 14. O-O
Qc7 15. Nd2 e5 16. Re1 O-O 17. Nf1 Rfe8 18. Ng3 a4 19. Rb1 b3 20. Ba3 g6
21. Qd2 Ba6 22. Rec1 h5 23. f3 Qa7 24. Qf2 Rac8 25. Nf1 Nf8 26. Nd2 exd4
27. exd4 Ne6 28. Bb2 Red8 29. Ra1 Nxd4 30. Rxa4 Rc6 31. c5 Ne2+ 32. Qxe2
Bxd3 33. Rxa7 Bxe2 34. Nxb3 Nd5 35. Nd4 Rcc8 36. Nxe2 Nb4 37. Bd4 Re8 38.
Ng3 Rcd8 39. Bf6 Rd2 40. Bg5 Rb2 41. Ne4 Nd3 42. Rd1 1-0

[Event "Open"]
[Site "Osterskars"]
[Date "1995.08.23"]
[Round "7"]
[White "Tisdall, J"]
[Black "Khenkin, I"]
[Result "1/2-1/2"]
[WhiteElo "2500"]
[BlackElo "2555"]

1. d4 d5 2. c4 c6 3. Nf3 dxc4 4. e4 b5 5. a4 e6 6. b3 Bb4+ 7. Bd2 Bxd2+ 8.
Qxd2 Nf6 9. axb5 cxb3 10. Nc3 O-O 11. Bd3 cxb5 12. e5 Nd5 13. Ne4 Nc6 14.
O-O Ncb4 15. Bxb5 Nc2 16. Ra4 Rb8 1/2-1/2

[Event "Open"]
[Site "Osterskars"]
[Date "1995.08.23"]
[Round "7"]
[White "Chernin, A"]
[Black "Rausis, I"]
[Result "1/2-1/2"]
[WhiteElo "2600"]
[BlackElo "2515"]

1. d4 d5 2. c4 c6 3. Nc3 dxc4 4. e4 b5 5. a4 b4 6. Na2 e5 7. Nf3 exd4 8.
Bxc4 Ba6 9. Bxa6 Nxa6 10. Qxd4 Qxd4 11. Nxd4 c5 12. Nb5 O-O-O 13. Nxa7+ Kb7
14. Nb5 Re8 15. Be3 Rxe4 16. O-O-O Be7 17. Rd7+ 1/2-1/2

[Event "Open"]
[Site "Osterskars"]
[Date "1995.08.24"]
[Round "8"]
[White "Wedberg, T"]
[Black "Tisdall, J"]
[Result "1/2-1/2"]
[WhiteElo "2455"]
[BlackElo "2500"]

1. e4 e5 2. Nf3 Nc6 3. Bb5 a6 4. Ba4 Nf6 5. O-O Be7 6. Re1 b5 7. Bb3 d6 8.
c3 O-O 9. h3 Na5 10. Bc2 c5 11. d4 Qc7 12. Nbd2 cxd4 13. cxd4 Nc6 14. Nb3
a5 15. Be3 a4 16. Nbd2 Bd7 17. a3 Qb7 18. Rc1 Rfe8 19. Bd3 exd4 20. Nxd4
Ne5 21. Bb1 Bd8 22. Qe2 Rb8 23. f3 Ng6 24. Qf2 Ne5 25. Red1 d5 26. Kh1 Nc4
27. Nxc4 bxc4 28. Bf4 Qxb2 29. Rc2 Qxb1 30. Rxb1 Rxb1+ 31. Kh2 Nh5 32. Bd6
Rb6 33. e5 Nf4 34. Qg3 Nh5 35. Qf2 Nf4 36. Qg3 Nh5 1/2-1/2

[Event "Open"]
[Site "Osterskars"]
[Date "1995.08.24"]
[Round "8"]
[White "Khenkin, I"]
[Black "Engqvist, T"]
[Result "1-0"]
[WhiteElo "2555"]
[BlackElo "2405"]

1. d4 Nf6 2. c4 e6 3. Nf3 b6 4. a3 Ba6 5. Qc2 Bb7 6. Nc3 c5 7. e4 cxd4 8.
Nxd4 Bc5 9. Nb3 Nc6 10. Bf4 e5 11. Bg5 h6 12. Bh4 O-O 13. f3 Be7 14. Rd1 d6
15. Be2 Nh5 16. Bf2 Nf4 17. O-O Rc8 18. Rfe1 Qc7 19. Bf1 Rfe8 20. Be3 Ne6
21. Qf2 Qb8 22. Rd2 Rcd8 23. Red1 Bf8 24. Kh1 Kh8 25. Nb5 Nc5 26. Na1 Ne6
27. Nc2 Be7 28. b4 Ba8 29. a4 Rf8 30. Rd3 f5 31. exf5 Rxf5 32. Qd2 Nf4 33.
Bxf4 Rxf4 34. Nxd6 Rdf8 35. Be2 a5 36. b5 Nb4 37. Nxb4 axb4 38. Qe3 Rd8 39.
Qxe5 Bxd6 40. Rxd6 Rxd6 41. Qxd6 Qxd6 42. Rxd6 b3 43. Rd3 b2 44. Rb3 1-0

[Event "Open"]
[Site "Osterskars"]
[Date "1995.08.25"]
[Round "9"]
[White "Wallace, JP"]
[Black "Bellon Lopez, JM"]
[Result "0-1"]
[WhiteElo "2405"]
[BlackElo "2490"]

1. e4 c5 2. Nf3 e6 3. d4 cxd4 4. Nxd4 Qb6 5. Nb3 Qc7 6. Nc3 a6 7. f4 Nc6 8.
Qf3 d6 9. Be3 Nf6 10. Bd3 Be7 11. g4 Nd7 12. O-O-O b5 13. g5 Nb4 14. Kb1
O-O 15. Rhf1 Bb7 16. Qh5 Rac8 17. Rf3 Nxd3 18. Rh3 h6 19. Rxd3 Bxe4 20. Bd4
e5 21. Rde3 Bg6 22. Qf3 exd4 23. Nxd4 Qc5 24. Nb3 Qa7 25. Rxe7 Qg1+ 26. Nc1
b4 27. Rg3 Qc5 28. Nb3 Qc4 29. Rxd7 Qe6 30. Ra7 bxc3 31. bxc3 Rb8 32. Kb2
Qf5 33. Qf2 a5 34. gxh6 Rfe8 35. Rg5 Qf6 36. Raxa5 Re4 37. Rg4 gxh6 38. h3
Rc4 39. f5 Qxc3+ 40. Kb1 Rxg4 41. fxg6 Rxg6 42. Rf5 Re8 43. Nc1 Re1 44. Rf3
Qe5 45. Rf5 Qe4 46. Kb2 Rg2 0-1

[Event "Open"]
[Site "Osterskars"]
[Date "1995.08.25"]
[Round "9"]
[White "Wikner, A"]
[Black "Wedberg, T"]
[Result "0-1"]
[WhiteElo "2245"]
[BlackElo "2455"]

1. e4 e5 2. Nf3 Nc6 3. d4 exd4 4. Bc4 Nf6 5. O-O Nxe4 6. Re1 d5 7. Bxd5
Qxd5 8. Nc3 Qh5 9. Nxe4 Be6 10. Bg5 Bd6 11. Nxd6+ cxd6 12. Bf4 Qd5 13. c3
Rc8 14. Nxd4 Nxd4 15. Qxd4 Qxd4 16. cxd4 Kd7 17. d5 Bf5 18. Rac1 Rxc1 19.
Rxc1 Re8 20. Be3 b6 21. Rc4 Re5 22. Ra4 a5 23. h3 Bc2 24. b3 b5 25. Rxa5
Rxd5 26. Kf1 Ke6 27. Ke1 Be4 28. f3 Bc2 29. a4 Bxb3 30. Rxb5 Rd3 31. Ke2
Bc4 32. Rb4 d5 33. Kf2 Ke5 34. a5 Rc3 35. a6 d4 36. Bd2 Rc2 37. Kg3 Bxa6
38. Bf4+ Kd5 39. Rb8 Bf1 40. Rd8+ Kc5 41. Be5 Rxg2+ 42. Kf4 d3 43. Rc8+ Kd5
44. Bc3 f6 45. Rc7 Rc2 46. Ke3 g5 0-1

[Event "Open"]
[Site "Osterskars"]
[Date "1995.08.25"]
[Round "9"]
[White "Gdanski, J"]
[Black "Poley, V"]
[Result "0-1"]
[WhiteElo "2480"]
[BlackElo "2330"]

1. e4 g6 2. d4 Bg7 3. Nc3 c6 4. f4 d5 5. e5 Nh6 6. Nf3 f6 7. Be3 O-O 8. Qd2
Bg4 9. Be2 Nf5 10. Bf2 Bh6 11. g3 Nd7 12. Nh4 Nxh4 13. Bxg4 fxe5 14. gxh4
Rxf4 15. Qe2 exd4 16. Qe6+ Kh8 17. Qxd7 dxc3 18. Qxd8+ Rxd8 19. Be2 cxb2
20. Rb1 Bg7 21. Be3 Ra4 22. Kd2 Rxa2 23. c3 b5 24. Kc2 Ra4 25. Rxb2 Re4 26.
Kd3 Bxc3 27. Kxc3 Rxe3+ 28. Kd4 Re4+ 29. Kc5 Rd6 30. h5 d4 31. h6 d3 32.
Bxd3 Rxd3 33. Kxc6 b4 34. Ra1 Rd6+ 35. Kc7 Rc4+ 36. Kb7 Rd7+ 37. Ka6 Rc6+
38. Kb5 Rb6+ 39. Kc5 Rc7+ 40. Kd5 Kg8 41. Rf1 Rd6+ 42. Ke5 Rc5+ 43. Ke4
Re6+ 44. Kd4 Rf5 45. Ra1 a5 0-1

[Event "Open"]
[Site "Osterskars"]
[Date "1995.08.25"]
[Round "9"]
[White "Farago, I"]
[Black "Rausis, I"]
[Result "1-0"]
[WhiteElo "2520"]
[BlackElo "2515"]

1. d4 d5 2. c4 dxc4 3. Nf3 c6 4. e4 b5 5. a4 e6 6. axb5 cxb5 7. b3 Bb7 8.
Nbd2 Bb4 9. bxc4 Bxe4 10. Be2 Nf6 11. O-O Bxd2 12. Nxd2 O-O 13. Ba3 Re8 14.
Nxe4 Nxe4 15. Qc2 f5 16. d5 exd5 17. Rfd1 Qb6 18. c5 Qb7 19. Qb3 Nc6 20.
Qxd5+ Kh8 21. Bb2 Rf8 22. Bf3 Rae8 23. h3 a5 24. Re1 Qc7 25. Bxe4 Rxe4 26.
Rxe4 fxe4 27. Qxe4 Qf4 28. Bxg7+ Kxg7 29. Qxc6 Qxf2+ 30. Kh1 Qe2 31. Qd6 b4
32. c6 b3 33. Qg3+ Kh6 34. Qxb3 Qe5 35. Rc1 Rc8 36. Qc4 Rc7 37. Rd1 Qf6 38.
Rc1 Qd6 39. Qe4 Qf6 1-0

[Event "Open"]
[Site "Osterskars"]
[Date "1995.08.25"]
[Round "9"]
[White "Ernst, T"]
[Black "Sammalvuo, T"]
[Result "0-1"]
[WhiteElo "2455"]
[BlackElo "2310"]

1. e4 e5 2. Nf3 Nc6 3. Bb5 a6 4. Ba4 Nf6 5. O-O Be7 6. Re1 b5 7. Bb3 O-O 8.
c3 d5 9. exd5 Nxd5 10. Nxe5 Nxe5 11. Rxe5 c6 12. d4 Bd6 13. Re1 Qh4 14. g3
Qh3 15. Be3 Bg4 16. Qd3 Rae8 17. Nd2 Re6 18. a4 f5 19. Qf1 Qh5 20. f4 bxa4
21. Bxd5 cxd5 22. Qg2 Rfe8 23. Qxd5 Kh8 24. Bf2 Rxe1+ 25. Rxe1 Rxe1+ 26.
Bxe1 Qe8 27. Bf2 h6 28. Qxd6 Qe2 29. Qb8+ Kh7 30. Nf1 Bh3 31. Ne3 Qd3 32.
Ng2 Qb1+ 33. Ne1 a3 0-1

[Event "Open"]
[Site "Osterskars"]
[Date "1995.08.25"]
[Round "9"]
[White "Tisdall, J"]
[Black "Lechtynsky, J"]
[Result "1-0"]
[WhiteElo "2500"]
[BlackElo "2435"]

1. d4 Nf6 2. c4 e6 3. Nf3 Bb4+ 4. Bd2 Qe7 5. Nc3 O-O 6. g3 Bxc3 7. Bxc3 Ne4
8. Rc1 a5 9. Bg2 Nc6 10. O-O Nxc3 11. Rxc3 d6 12. Qa4 Bd7 13. c5 Nb4 14.
Qb3 Bc6 15. Nd2 Bxg2 16. Kxg2 Qd7 17. Nf3 Nd5 18. Rc2 a4 19. Qc4 c6 20. a3
Nc7 21. cxd6 Qxd6 22. Qc5 Qxc5 23. Rxc5 Rfd8 24. e3 Rd5 25. Rfc1 Ra5 26.
Rxa5 Rxa5 27. Ne5 Rb5 28. Rc2 Rb3 29. Kf1 f6 30. Nc4 Kf7 31. Nd2 Rb5 32.
Ne4 Ke7 33. Nc5 Nd5 34. Nxa4 Kd6 35. Ke2 b6 36. b4 f5 37. Rc4 g5 38. f4 h6
39. Kd3 g4 40. Ke2 h5 41. Kd3 Kd7 42. Rc1 Kd6 43. Rh1 c5 44. dxc5+ bxc5 45.
Nxc5 Nxb4+ 46. axb4 Rxb4 47. Rc1 Rb2 48. e4 Rxh2 49. e5+ Ke7 50. Ra1 Rh3
51. Ra7+ Ke8 52. Nxe6 Rxg3+ 53. Kd4 h4 54. Ng7+ 1-0

Melbourne Masters Tournament
----------------------------

[Event "Masters"]
[Site "Melbourne"]
[Date "1995.08.21"]
[Round "1"]
[White "Tu Hoang Thong"]
[Black "Sarfati, J"]
[Result "1-0"]
[WhiteElo "2470"]
[BlackElo "2310"]

1. d4 Nf6 2. c4 c5 3. Nf3 cxd4 4. Nxd4 e5 5. Nc2 d5 6. cxd5 Qxd5 7. Bd2 Ne4
8. Nc3 Qxd2+ 9. Qxd2 Nxd2 10. Kxd2 Bc5 11. e3 Nc6 12. Bc4 O-O 13. Rhd1 Bf5
14. Ne1 Rac8 15. Ke2 a6 16. Bd5 Rfd8 17. Nf3 Bd6 18. Rd2 Kf8 19. Rad1 f6
20. Nh4 Bd7 21. Bb3 Ke7 22. Rxd6 Bg4+ 23. f3 Rxd6 24. Rxd6 Kxd6 25. fxg4 g6
26. Ne4+ Ke7 27. g5 fxg5 28. Nxg5 Na5 29. Bd1 h6 30. Ne4 Rc6 31. b3 b6 32.
Kd2 Kf7 33. Bg4 Rc7 34. Nd6+ Ke7 35. Nc8+ Kf6 36. Nf3 e4 37. Nd4 b5 38. Nb6
Ke5 39. Nd7+ Kd6 40. Nf6 Ke5 41. Nd7+ Kd6 42. Nf8 Rf7 43. Nxg6 Rf2+ 44. Ne2
Rxg2 45. h3 Nc6 46. Bf5 Rh2 47. Bxe4 Rxh3 48. Bg2 Rh2 49. Nef4 a5 50. a3 a4
51. bxa4 bxa4 52. Kc3 h5 53. Kc4 h4 54. Kb5 Rxg2 55. Nxg2 h3 56. N2h4 h2
57. Nf5+ Kd5 58. Ng3 Na7+ 59. Kxa4 Kc4 60. Ne5+ 1-0